000
00314nam a22001337a 4500
003
SGT
082
_a
617.51
_b
C16H
100
_a
HAZARIKA ,PRODUL
245
_a
CLINICAL AND OPERATIVE METHODS IN ENT AND HEAD AND NECK SURGERY
250
_a
2ND
260
_a
INDIA
_b
CBS
_c
2016
300
_a
360
942
_2
ddc
_c
BK
_0
1
999
_c
14340
_d
14340